Statistics for Countries with the Highest Percent of Population in Capital

Click here to take the quiz!

General Stats

  • This quiz has been taken 136 times
    (84 since last reset)
  • The average score is 8 of 20

Answer Stats

%Country% Correct
100Vatican City
92%
100Monaco
90%
100Singapore
79%
66.85Qatar
58%
34.78Kuwait
50%
39.06St. Lucia
44%
39.19Barbados
42%
35.60Iceland
42%
45.48Tuvalu
42%
65.97Bahamas
40%
36.59St. Vincent and the Grenidines
40%
48.26Marshall Islands
33%
40.26Uruguay
31%
54.45Djibouti
29%
35.25Lebanon
23%
35.42Latvia
22%
47.13Suriname
21%
36.29Armenia
10%
33.28Gabon
10%
40.21Rep. of Congo
10%

Score Distribution

Percentile by Number Answered

Percent of People with Each Score

Your Score History

You have not taken this quiz since the last reset